000
00212nam a2200097Ia 4500
005
20251222114407.0
008
251222s1900||||xx |||||||||||||| ||spa||
082
_a
DVD0070/D95O/2001
245
0
_a
Ordet:
942
_c
DVD
999
_c
1881
_d
1881